| 000 | 00745cam a2200241u 4500 | ||
|---|---|---|---|
| 001 | 12334 | ||
| 003 | BD-RjUL | ||
| 005 | 20211208235257.0 | ||
| 008 | 140128s1969 enka 001 0 eng d | ||
| 035 | _a(BD-RjUL)12383 | ||
| 040 |
_aDLC _cCarP _dDLC _d(BD-RjUL) _beng |
||
| 041 | _aeng | ||
| 082 | 0 | 0 |
_219 _a 589.2 _bRAM 1969 |
| 100 | 1 |
_aRamsbottom, John, _d1885- [from old catalog] _938306 |
|
| 245 | 0 | 0 |
_aMushrooms & toadstools : _ba study of the activities of fungi, with 84 colour photos / _cBNy Ramsbottom, John, |
| 260 |
_aLondon : _bCollins, _c[Impression1969] |
||
| 300 |
_a306 p. : _billus. ; _c23 cm. |
||
| 504 | _aIncludes Index | ||
| 650 | 0 |
_aMushrooms. _938307 |
|
| 942 |
_2ddc _cBK |
||
| 999 |
_c12334 _d12334 |
||